Intermediate algebra : A real - world approach

Đã lưu trong:
書目詳細資料
主要作者:  Bello, Ignacio
格式: Sách
語言:Undetermined
出版:  McGraw Hill  2006
主題:
標簽: 添加標簽
沒有標簽, 成為第一個標記此記錄!
Thư viện lưu trữ: Trung tâm Thư viện - Trường Đại học Công nghiệp TP. Hồ Chí Minh
LEADER 00484nam a2200157Ia 4500
001 UIH_05150
008 231011s9999 xx 000 0 und d
082 |a  512.9 
100 |a  Bello, Ignacio 
245 0 |a  Intermediate algebra : A real - world approach 
245 0 |c  Bello, Ignacio 
260 |b  McGraw Hill 
260 |c  2006 
650 |a  Đại số học;  
927 |a Sách 
980 |a Trung tâm Thư viện - Trường Đại học Công nghiệp TP. Hồ Chí Minh